| 000 | 00441nam a22001817a 4500 | ||
|---|---|---|---|
| 999 |
_c7518 _d7518 |
||
| 003 | GBCCL | ||
| 005 | 20241126110630.0 | ||
| 008 | 180820b ||||| |||| 00| 0 eng d | ||
| 040 | _cgbc | ||
| 082 |
_aVER 248 _bDIM |
||
| 100 |
_aDimzangai _98510 |
||
| 245 |
_aGam kilawm lampi/ _cby Dimzangai |
||
| 250 | _a2nd ed. | ||
| 260 |
_aChurachandpur: _bDimzangai, _c1999. |
||
| 300 | _a111p. : | ||
| 650 |
_aChristian life _9183 |
||
| 942 |
_2ddc _cBK |
||